Mor : storia per le mie madri /

Đã lưu trong:
Chi tiết về thư mục
Tác giả chính: Garagnani, Sara
Tác giả khác: Gancitano, Maura (Tác giả của lời kết, lời ghi cuối sách, v.v.)
Định dạng: Sách
Ngôn ngữ:Tiếng Italy
Được phát hành: Torino : Add, 2022
Loạt:Fumetti
Các nhãn: Thêm thẻ
Không có thẻ, Là người đầu tiên thẻ bản ghi này!

MARC

LEADER 00000nam a22000007i 4500
001 IT\ICCU\UBO\4594635
003 ItRI
005 20260115232133.0
008 220225s2022 it |||||| |||||1|||||c
020 |a 9788867833450 
040 |b ita  |c importazione bologna sebina 
041 7 |a ita  |2 ISO-639-2 
082 |a 741.5945  |9 FUMETTI, ROMANZI A FUMETTI, FOTOROMANZI, VIGNETTE, CARICATURE, STRISCE A FUMETTI. Italia  |2 23 
100 1 |a Garagnani, Sara  |0 IT\ICCU\RAVV\682270 
240 1 0 |a Mor  |3 IT\ICCU\UBO\4598042  |9 Garagnani, Sara 
245 1 0 |a Mor :  |b storia per le mie madri /  |c Sara Garagnani ; [postfazione di Maura Gancitano]. 
260 |a Torino :  |b Add,  |c 2022 
300 |a 362 p. :  |b fumetti color.; 24 cm 
500 |a Con la postfazione di Maura Gancitano 
700 1 |a Gancitano, Maura  |0 IT\ICCU\MODV\653055  |4 aft 
830 0 |a Fumetti  |0 IT\ICCU\PAR\1280299 
942 |2 ddc  |c BK  |n 0 
952 |0 0  |1 0  |4 0  |6 F_741_590000000000000_GAR  |7 0  |9 20690  |a BO  |b BO  |d 2026-01-15  |i 19734  |l 0  |o F 741.59 GAR  |p BO19734  |r 2026-01-15 23:21:33  |w 2026-01-15  |x [Sebina 5] [1 v.]  |y BK  |z 1 v. 
999 |c 17675  |d 17675